De Pisis /

Сохранить в:
Библиографические подробности
Главный автор: Farina, Franco
Другие авторы: De Pisis, Filippo
Формат:
Язык:английский
Опубликовано: Milano CIDA [198.]
Метки: Добавить метку
Нет меток, Требуется 1-ая метка записи!

MARC

LEADER 00000nam a2200000 4500
001 CDOM0000002051
003 mi
005 20251009225259.0
008 251009b |||||||| |||| 00| 0 eng d
040 |c mi 
100 |a Farina, Franco 
245 1 |a De Pisis /  |c Introduzione di Franco Farina 
260 |a Milano  |b CIDA  |c [198.] 
300 |a 25 p.  |b ill.  |c 21x21 cm. 
700 |a De Pisis, Filippo 
942 |2 ddc  |c BK 
952 |0 0  |1 0  |2 ddc  |4 0  |6 B_APT01FARFRDEP11  |7 0  |9 5760  |a MI  |b MI  |d 1988-11-21  |i 1489  |l 0  |o B-APT01-FARFR-DEP11  |p CDOM1489  |r 2025-07-13 16:28:00  |w 2025-07-13  |x DONO  |y BK 
999 |c 4600  |d 4600